Crop protection compendium

Đã lưu trong:
書目詳細資料
格式: 圖書
語言:Undetermined
出版: Wallingford, Oxon. CABI 2003
主題:
標簽: 添加標簽
沒有標簽, 成為第一個標記此記錄!
Thư viện lưu trữ: Trung tâm Học liệu Trường Đại học Cần Thơ
LEADER 00416nam a2200145Ia 4500
001 CTU_145366
008 210402s9999 xx 000 0 und d
082 |a 632.9 
082 |b C948 
245 0 |a Crop protection compendium 
260 |a Wallingford, Oxon. 
260 |b CABI 
260 |c 2003 
650 |a Bảo vệ thực vật,Plants, Protection of 
980 |a Trung tâm Học liệu Trường Đại học Cần Thơ